Tech Entrepreneurs Quiz Stats

 Plays Quiz Updated Aug 17, 2012

Also try: Corporate Founders
Challenge
Share
Tweet
Embed
Score 0/16 Timer 05:00
0 Plays Today
Company Founder % Correct
MicrosoftBill Gates and Paul Allen
97.8%
AppleSteve Jobs and Steve Wozniak
83.7%
FacebookMark Zuckerberg
50.2%
DellMichael Dell
43.8%
HPBill Hewlett and Dave Packard
27.3%
GoogleSergey Brin and Larry Page
25.4%
AmazonJeff Bezos
20.8%
OracleLarry Ellison, Bob Miner and Ed Oates
15.7%
Company Founder % Correct
WikipediaJimmy Wales and Larry Sanger
13.1%
Yahoo!Jerry Yang and David Filo
12.4%
IntelGordon Moore and Robert Noyce
7.8%
YouTubeChad Hurley, Steve Chen and Jawed Karim
6.3%
CraigslistCraig Newmark
5.3%
eBayPierre Omidyar
5.2%
Adobe SystemsJohn Warnock and Chuck Geschke
3%
Cisco SystemsLen Bosack and Sandy Lerner
2.7%

You're not logged in!

Compare scores with friends on all Sporcle quizzes.
Join for Free
OR
Log In

You Might Also Like...

Show Comments

Extras

Top Quizzes Today


Score Distribution

Your Account Isn't Verified!

In order to create a playlist on Sporcle, you need to verify the email address you used during registration. Go to your Sporcle Settings to finish the process.

Report this User

Report this user for behavior that violates our Community Guidelines.

Details: